Privacy : What developers and IT professionals should know

Spremljeno u:
Bibliografski detalji
Glavni autor: Cannon, J. C.
Format: Knjiga
Jezik:Undetermined
Izdano: New York Addison-Wesley 2004
Teme:
Oznake: Dodaj oznaku
Bez oznaka, Budi prvi tko označuje ovaj zapis!
Thư viện lưu trữ: Trung tâm Học liệu Trường Đại học Cần Thơ
LEADER 00647nam a2200217Ia 4500
001 CTU_212985
008 210402s9999 xx 000 0 und d
082 |a 005.8 
082 |b C226 
100 |a Cannon, J. C. 
245 0 |a Privacy : 
245 0 |b What developers and IT professionals should know 
245 0 |c J. C. Cannon 
260 |a New York 
260 |b Addison-Wesley 
260 |c 2004 
650 |a Computer security,Business enterprises 
650 |x Computer networks,Security measures 
904 |i Qhieu 
910 |a Sách kèm theo đĩa có số AV.001309 
980 |a Trung tâm Học liệu Trường Đại học Cần Thơ